000 00402nam a22001697a 4500
005 20160530150055.0
008 160530b xxu||||| |||| 00| 0 eng d
020 _a978-81-7722-373-6
041 _aeng
082 _b6140
100 _aShelburnes Merry
_91549
245 _aEffective Public Relations
260 _aNew Delhi
_bBigtantra,
300 _a303
650 _aManagement
_9241
942 _cBK
999 _c2187
_d2186